000
00370cam a2200169ua 4500
020
_c
Rs. 1.00
041
_a
mal
_h
082
_a
894.8122
_b
THI/NI
100
_a
Thikodiyan, .
245
_a
Niraharasamaram
260
_a
Calicut :
_b
K . R Brothers ,
_c
1959.
300
_a
110 ; .
365
_a
Rs. 1.00
504
_a
942
_c
BK
999
_c
621
_d
621